[Event "Rochefort op-B 16th"]
[Site "Rochefort"]
[Date "2017.02.18"]
[Round "1"]
[White "Serviere, Didier"]
[Black "Favre, Bruno"]
[Result "0-1"]
[WhiteElo "1542"]
[BlackElo "1877"]
[PlyCount "77"]
[EventDate "2017.02.18"]
[EventType "swiss"]
[EventRounds "9"]
[EventCountry "FRA"]
[SourceTitle "CBM 177 Extra"]
[Source "ChessBase"]
[SourceDate "2017.04.27"]
[SourceVersion "1"]
[SourceVersionDate "2017.04.27"]
[SourceQuality "1"]

1. e4 c6 2. Nc3 d5 3. exd5 cxd5 4. d4 Nc6 5. Bb5 a6 6. Bxc6+ bxc6 7. Nf3 Bg4 8. Qd3 Bxf3 9. Qxf3 Qb6 10. Qd3 e6 11. a3 Nf6 12. 0-0 Bd6 13. h3 0-0 14. b4 a5 15. bxa5 Rxa5 16. a4 Qa7 17. Bd2 Rb8 18. Rab1 Ra6 19. Rb3 Rab6 20. Rfb1 Nd7 21. a5 Rxb3 22. cxb3 Qxa5 23. Ne2 Qb5 24. Qf3 c5 25. Bf4 Bxf4 26. Qxf4 Qxe2 27. Qc7 Qb5 28. dxc5 Nxc5 29. Rc1 Nd7 30. Ra1 Qb7 31. Qc3 Qxb3 32. Qd4 Qb6 33. Qa4 Nf8 34. Qf4 Rc8 35. Qg3 Qb8 36. Qe3 Ng6 37. Ra7 Rc1+ 38. Qxc1 Qxa7 39. Qe3 0-1